| 000 | 00377nam a2200145Ia 4500 | ||
|---|---|---|---|
| 003 | sisc | ||
| 005 | 20180219133439.0 | ||
| 008 | 180219s9999 xx 000 0 und d | ||
| 020 | _a9789718161296 | ||
| 100 | _aArmida Siguion-Reyna | ||
| 245 | _aArmida unfinished memoirs / | ||
| 260 |
_aQuezon City : _bABS-CBN publishing inc _c2015 |
||
| 300 | _a203 pages | ||
| 942 |
_2lcc _cBK |
||
| 999 |
_c356004 _d356004 |
||